00441nam a2200157Ia 450000500170000000800410001702000150005808200150007310000180008824500740010626000450018030000200022565000130024565000120025865000130027020240726005040.0240331s9999 xx 000 0 und d a9558129240 a294.3bJAY aJayasuriya, E 0aThera - Theri Gatha :bInspired utterances of Buddhis Monks and Nuns. aDehiwalabBuddhist Cultural Centrec1999 axxviii, 94 p ., aReligion aCulture aBuddhism